<?xml version="1.0" encoding="UTF-8"?>
<collection xmlns="http://www.loc.gov/MARC21/slim">
 <record>
  <leader>01878nam a2200313 a 4500</leader>
  <controlfield tag="001">1/46656</controlfield>
  <controlfield tag="008">160922s2015    gr       b    001 0 gre  </controlfield>
  <datafield tag="020" ind1=" " ind2=" ">
   <subfield code="a">9789605624668</subfield>
  </datafield>
  <datafield tag="035" ind1=" " ind2=" ">
   <subfield code="l">49635</subfield>
  </datafield>
  <datafield tag="040" ind1=" " ind2=" ">
   <subfield code="a">GR-PeUP</subfield>
  </datafield>
  <datafield tag="090" ind1=" " ind2=" ">
   <subfield code="a">343.071 ΔΙΚ</subfield>
  </datafield>
  <datafield tag="245" ind1="0" ind2="0">
   <subfield code="a">Δίκαιο προστασίας καταναλωτή :</subfield>
   <subfield code="b">Ελληνικό - Ενωσιακό κατ' άρθρο ερμηνεία του Ν 2251/1994 και άλλων σχετικών νομοθετημάτων /</subfield>
   <subfield code="c">επιμέλεια Ελίζα Αλεξανδρίδου.</subfield>
  </datafield>
  <datafield tag="250" ind1=" " ind2=" ">
   <subfield code="a">2η έκδοση.</subfield>
  </datafield>
  <datafield tag="260" ind1=" " ind2=" ">
   <subfield code="a">Αθήνα :</subfield>
   <subfield code="b">Νομική Βιβλιοθήκη,</subfield>
   <subfield code="c">2015.</subfield>
  </datafield>
  <datafield tag="300" ind1=" " ind2=" ">
   <subfield code="a">xlix, 1002 σ. ;</subfield>
   <subfield code="c">24 εκ.</subfield>
  </datafield>
  <datafield tag="504" ind1=" " ind2=" ">
   <subfield code="a">Περιέχει βιβλιογραφία και ευρετήριο.</subfield>
  </datafield>
  <datafield tag="650" ind1=" " ind2="4">
   <subfield code="a">Καταναλωτές</subfield>
   <subfield code="x">Προστασία.</subfield>
  </datafield>
  <datafield tag="650" ind1=" " ind2="4">
   <subfield code="a">Καταναλωτές, Προστασία των</subfield>
   <subfield code="x">Δίκαιο και νομοθεσία</subfield>
   <subfield code="z">Ευρωπαϊκή Ενωση, Χώρες της .</subfield>
  </datafield>
  <datafield tag="650" ind1=" " ind2="4">
   <subfield code="a">Καταναλωτές</subfield>
   <subfield code="x">Προστασία</subfield>
   <subfield code="x">Δίκαιο και νομοθεσία</subfield>
   <subfield code="z">Ελλάδα.</subfield>
  </datafield>
  <datafield tag="650" ind1=" " ind2="4">
   <subfield code="a">Consumers.</subfield>
  </datafield>
  <datafield tag="650" ind1=" " ind2="4">
   <subfield code="a">Consumer protection.</subfield>
  </datafield>
  <datafield tag="650" ind1=" " ind2="4">
   <subfield code="a">Consumer law.</subfield>
  </datafield>
  <datafield tag="700" ind1="1" ind2=" ">
   <subfield code="a">Αλεξανδρίδου, Ελίζα Δ.</subfield>
  </datafield>
  <datafield tag="852" ind1=" " ind2=" ">
   <subfield code="a">INST</subfield>
   <subfield code="b">UNIPILB</subfield>
   <subfield code="c">EUDOXOS</subfield>
   <subfield code="e">20160922</subfield>
   <subfield code="h">343.071 ΔΙΚ</subfield>
   <subfield code="p">00176176</subfield>
   <subfield code="q">00176176</subfield>
   <subfield code="t">EUDOX</subfield>
   <subfield code="y">4</subfield>
   <subfield code="x">20230115</subfield>
   <subfield code="4">1</subfield>
  </datafield>
  <datafield tag="852" ind1=" " ind2=" ">
   <subfield code="a">INST</subfield>
   <subfield code="b">UNIPILB</subfield>
   <subfield code="c">EUDOXOS</subfield>
   <subfield code="e">20160922</subfield>
   <subfield code="h">343.071 ΔΙΚ</subfield>
   <subfield code="p">00176177</subfield>
   <subfield code="q">00176177</subfield>
   <subfield code="t">EUDOX</subfield>
   <subfield code="y">0</subfield>
   <subfield code="4">2</subfield>
  </datafield>
  <datafield tag="852" ind1=" " ind2=" ">
   <subfield code="a">INST</subfield>
   <subfield code="b">UNIPILB</subfield>
   <subfield code="c">EUDOXOS</subfield>
   <subfield code="e">20160922</subfield>
   <subfield code="h">343.071 ΔΙΚ</subfield>
   <subfield code="p">00176178</subfield>
   <subfield code="q">00176178</subfield>
   <subfield code="t">EUDOX</subfield>
   <subfield code="y">4</subfield>
   <subfield code="x">20230521</subfield>
   <subfield code="4">3</subfield>
  </datafield>
  <datafield tag="852" ind1=" " ind2=" ">
   <subfield code="a">INST</subfield>
   <subfield code="b">UNIPILB</subfield>
   <subfield code="c">MAIN</subfield>
   <subfield code="e">20160922</subfield>
   <subfield code="h">343.071 ΔΙΚ</subfield>
   <subfield code="p">00176179</subfield>
   <subfield code="q">00176179</subfield>
   <subfield code="t">LOAN</subfield>
   <subfield code="y">0</subfield>
   <subfield code="4">4</subfield>
  </datafield>
  <datafield tag="852" ind1=" " ind2=" ">
   <subfield code="a">INST</subfield>
   <subfield code="b">UNIPILB</subfield>
   <subfield code="c">MAIN</subfield>
   <subfield code="e">20160922</subfield>
   <subfield code="h">343.071 ΔΙΚ</subfield>
   <subfield code="p">00176180</subfield>
   <subfield code="q">00176180</subfield>
   <subfield code="t">LOAN</subfield>
   <subfield code="y">0</subfield>
   <subfield code="4">5</subfield>
  </datafield>
  <datafield tag="852" ind1=" " ind2=" ">
   <subfield code="a">INST</subfield>
   <subfield code="b">UNIPILB</subfield>
   <subfield code="c">MAIN</subfield>
   <subfield code="e">20160922</subfield>
   <subfield code="h">343.071 ΔΙΚ</subfield>
   <subfield code="p">00176181</subfield>
   <subfield code="q">00176181</subfield>
   <subfield code="t">LOAN</subfield>
   <subfield code="y">0</subfield>
   <subfield code="4">6</subfield>
  </datafield>
 </record>
</collection>
